000 00518nam a2200193Ia 4500
005 20250326144942.0
008 250326s9999 xx 000 0 und d
020 _a0-566-00820-3
037 _aTextbook
040 _aFMSL
_beng
_cFMSL
041 _aeng
_2eng
084 _aX:8D M63
_qFMSL
100 _aMaycock J
_9750366
245 0 _aFicial conglomerates: new phenomenon
_cMaycock J
260 _aUSA
_bUSA, Gower
_c1986
300 _axiv,106
942 _cTB
_hX:8D M63
999 _c1305769
_d1305769